Artists That Have Worked with Rick Ross - Statistics

General Stats
  • This quiz has been taken 9 times
  • The average score is 13 of 62
Answer Stats
Artist % Correct
Kanye West
88%
Drake
75%
Lil Wayne
63%
2 Chainz
50%
Future
50%
Jay-Z
50%
Kendrick Lamar
50%
Meek Mill
50%
DJ Khaled
38%
Gucci Mane
38%
Jeezy
38%
Pusha T
38%
Snoop Dogg
38%
Benny the Butcher
25%
B-Real
25%
Busta Rhymes
25%
Conway the Machine
25%
DMX
25%
Dr Dre
25%
Ed Sheeran
25%
Jadakiss
25%
John Legend
25%
Joyner Lucas
25%
Lazarus
25%
Mariah Carey
25%
Mary J. Blige
25%
Royce Da 5'9
25%
Swizz Beatz
25%
The Game
25%
T-Pain
25%
Vanilla Ice
25%
Westside Gunn
25%
Young Jeezy
25%
Ace Hood
13%
Anderson.Paak
13%
Chris Brown
13%
Forgiato Blow
13%
French Montana
13%
Nas
13%
T.I.
13%
Wale
13%
August Alsina
0%
Blxst
0%
Cool & Dre
0%
DJ Snake
0%
Fabolous
0%
Jeremih
0%
Kem
0%
KSI
0%
Kwesta
0%
Lil Baby
0%
Mesa
0%
NLE Choppa
0%
P-Square
0%
Rich Brian
0%
Russ
0%
Skrillex
0%
Tayana Taylor
0%
Trey Songz
0%
Usher
0%
Vory
0%
Yo Gotti
0%
No matching quizzes found
Score Distribution
Percent of People with Each Score
Percentile by Number Answered
Your Score History
You have not taken this quiz